PEDIATRIC NEUROLOGY (Record no. 6551)

MARC details
000 -LEADER
fixed length control field 00342nam a2200145Ia 4500
008 - FIXED-LENGTH DATA ELEMENTS--GENERAL INFORMATION
fixed length control field 150301s2013 xx 000 0 und d
082 ## - DEWEY DECIMAL CLASSIFICATION NUMBER
Classification number 618.92
Item number P13C
100 ## - MAIN ENTRY--PERSONAL NAME
Personal name CHAKARABARTI, KAMALENDRA
245 ## - TITLE STATEMENT
Title PEDIATRIC NEUROLOGY
250 ## - EDITION STATEMENT
Edition statement 2ND
260 ## - PUBLICATION, DISTRIBUTION, ETC. (IMPRINT)
Name of publisher, distributor, etc. JAYPEE
Place of publication, distribution, etc. DELHI
Date of publication, distribution, etc. 2013
300 ## - PHYSICAL DESCRIPTION
Extent 504
650 ## - SUBJECT ADDED ENTRY--TOPICAL TERM
Topical term or geographic name as entry element PEDIATRICS
942 ## - ADDED ENTRY ELEMENTS (KOHA)
Source of classification or shelving scheme Dewey Decimal Classification
Koha item type Books
Koha issues (borrowed), all copies 1
Holdings
Withdrawn status Lost status Source of classification or shelving scheme Damaged status Not for loan Collection code Home library Current library Shelving location Date acquired Source of acquisition Cost, normal purchase price SGTU Bill Number Total Checkouts Full call number Barcode Date last seen Date last checked out Bill Date Koha item type
    Dewey Decimal Classification     MEDICAL SGT Medical Library SGT Medical Library Text Book 02/07/2015 ABC DELHI 650.00 SGTU 4960 1 618.92 P13C FM6246 18/04/2025 11/04/2025 25/10/2014 Books
    Dewey Decimal Classification     MEDICAL SGT Medical Library SGT Medical Library Text Book 02/07/2015 ABC DELHI 650.00 SGTU 4960   618.92 P13C FM6247 02/07/2015   25/10/2014 Books
    Dewey Decimal Classification     MEDICAL SGT Medical Library SGT Medical Library Text Book 02/07/2015 ABC DELHI 650.00 SGTU 4960   618.92 P13C FM6248 02/07/2015   25/10/2014 Books
    Dewey Decimal Classification     MEDICAL SGT Medical Library SGT Medical Library Text Book 02/07/2015 ABC DELHI 650.00 SGTU 4960 1 618.92 P13C FM6249 20/02/2025 15/01/2025 25/10/2014 Books
    Dewey Decimal Classification     MEDICAL SGT Medical Library SGT Medical Library Text Book 02/07/2015 ABC DELHI 650.00 SGTU 4960   618.92 P13C FM6250 02/07/2015   25/10/2014 Books